[Event "Paris-ch op-B 87th"]
[Site "Paris"]
[Date "2012.07.10"]
[Round "4"]
[White "Valenti, Richard"]
[Black "Reubrez, Christophe"]
[Result "1-0"]
[WhiteElo "2149"]
[BlackElo "1815"]
[PlyCount "85"]
[EventDate "2012.07.07"]
[EventType "swiss"]
[EventRounds "9"]
[EventCountry "FRA"]
[SourceTitle "EXT 2013"]
[Source "ChessBase"]
[SourceDate "2012.11.22"]
[SourceVersion "1"]
[SourceVersionDate "2012.11.22"]
[SourceQuality "1"]

1. g3 d5 2. Bg2 Nf6 3. Nf3 g6 4. 0-0 Bg7 5. d3 0-0 6. Nbd2 Nc6 7. c4 e5 8. cxd5 Nxd5 9. Ne4 Rb8 10. Bg5 Nce7 11. Qc1 c6 12. Qc5 b6 13. Qa3 Qc7 14. Rac1 h6 15. Bd2 a5 16. Rfd1 Bg4 17. h3 Be6 18. Qd6 Qxd6 19. Nxd6 Rfd8 20. Nc4 f6 21. a3 Bf8 22. e4 Nc7 23. Be3 c5 24. b4 axb4 25. axb4 b5 26. Na5 c4 27. Bc5 Rd7 28. d4 exd4 29. Nxd4 Re8 30. f4 Rc8 31. Nb7 Na6 32. Nd6 Rxc5 33. bxc5 Nxc5 34. Nxe6 Nxe6 35. Nxb5 Rb7 36. Nd6 Rb3 37. Kh2 c3 38. Rd3 Rb6 39. Rcxc3 Nc6 40. Nc4 Ra6 41. Ne3 Bb4 42. Rc4 Nc5 43. Rd6 1-0

[Event "London Classic op"]
[Site "London"]
[Date "2010.12.14"]
[Round "8"]
[White "Valenti, Richard"]
[Black "Costello, Colin"]
[Result "1-0"]
[WhiteElo "2124"]
[BlackElo "1977"]
[PlyCount "81"]
[EventDate "2010.12.08"]
[EventType "swiss"]
[EventRounds "9"]
[EventCountry "ENG"]
[SourceTitle "CBM 139 Extra"]
[Source "ChessBase"]
[SourceDate "2011.01.05"]
[SourceVersion "1"]
[SourceVersionDate "2011.01.05"]
[SourceQuality "1"]

1. e4 e5 2. Nc3 Nc6 3. g3 Nf6 4. Bg2 Bc5 5. Nge2 d6 6. Na4 0-0 7. 0-0 Bg4 8. Nxc5 dxc5 9. d3 c4 10. f3 Be6 11. Be3 cxd3 12. cxd3 Qe7 13. d4 Bc4 14. d5 Rfd8 15. Rc1 Ba6 16. Bc5 Qe8 17. Re1 Bxe2 18. Rxe2 Nd4 19. Bxd4 exd4 20. Rxc7 Qb5 21. Rec2 d3 22. R2c3 Ne8 23. R7c5 Qxb2 24. Qxd3 Qxa2 25. Qc2 Qa1+ 26. Qc1 Qa4 27. R3c4 Qa6 28. Rb4 Qf6 29. f4 a5 30. e5 Qa6 31. Rb1 Qd3 32. Rc3 Qa6 33. Qf1 Qg6 34. Qd3 f5 35. Rxb7 a4 36. d6 Qh5 37. Rb4 Ra7 38. Bf3 Qh3 39. Qd4 Rad7 40. Rxa4 Nxd6 41. exd6 1-0

[Event "Lido degli Estensi op 3rd"]
[Site "Lido degli Estensi"]
[Date "2002.06.16"]
[Round "9"]
[White "Dickhoff, Ronald"]
[Black "Valenti, Richard"]
[Result "1/2-1/2"]
[WhiteElo "2230"]
[BlackElo "2152"]
[PlyCount "48"]
[EventDate "2002.06.07"]
[EventType "swiss"]
[EventRounds "9"]
[EventCountry "ITA"]
[SourceTitle "CBM 088 Extra"]
[Source "ChessBase"]
[SourceDate "2002.07.01"]
[SourceVersion "2"]
[SourceVersionDate "2002.07.01"]
[SourceQuality "1"]

1. d4 g6 2. c4 Nf6 3. Nc3 Bg7 4. e4 0-0 5. Nf3 c6 6. h3 d5 7. e5 Ne4 8. Bd3 Nxc3 9. bxc3 dxc4 10. Bxc4 c5 11. Be3 cxd4 12. cxd4 Nc6 13. 0-0 Na5 14. Be2 Be6 15. Qa4 a6 16. Rfc1 b5 17. Qb4 Bc4 18. Bxc4 Nxc4 19. a4 Qd7 20. axb5 axb5 21. Rxa8 Rxa8 22. Rb1 Nxe3 23. fxe3 Bh6 24. e4 Qc6 1/2-1/2

[Event "Monarch Assurance 10th"]
[Site "Port Erin"]
[Date "2001.10.04"]
[Round "6"]
[White "Valenti, Richard"]
[Black "Bisby, Daniel L"]
[Result "1/2-1/2"]
[WhiteElo "2143"]
[BlackElo "2285"]
[PlyCount "40"]
[EventDate "2001.09.29"]
[EventType "swiss"]
[EventRounds "9"]
[EventCountry "IOM"]
[SourceTitle "CBM 084 Extra"]
[Source "ChessBase"]
[SourceDate "2001.10.26"]
[SourceVersion "1"]
[SourceVersionDate "2001.10.26"]
[SourceQuality "1"]

1. e4 c5 2. Nf3 d6 3. d3 Nc6 4. g3 g6 5. Bg2 Bg7 6. 0-0 e5 7. Nc3 Nge7 8. Nd2 0-0 9. Nc4 Be6 10. Nd5 f5 11. c3 Qd7 12. a4 Kh8 13. a5 Rad8 14. Qa4 Bg8 15. Bg5 h6 16. Nxe7 Nxe7 17. Qxd7 Rxd7 18. Bxe7 Rxe7 19. a6 bxa6 20. exf5 d5 1/2-1/2

[Event "Monarch Assurance 10th"]
[Site "Port Erin"]
[Date "2001.10.01"]
[Round "3"]
[White "Valenti, Richard"]
[Black "Spanton, Timothy"]
[Result "1-0"]
[WhiteElo "2143"]
[BlackElo "2051"]
[PlyCount "99"]
[EventDate "2001.09.29"]
[EventType "swiss"]
[EventRounds "9"]
[EventCountry "IOM"]
[SourceTitle "CBM 084 Extra"]
[Source "ChessBase"]
[SourceDate "2001.10.26"]
[SourceVersion "1"]
[SourceVersionDate "2001.10.26"]
[SourceQuality "1"]

1. e4 e5 2. Nc3 Bc5 3. g3 Nc6 4. Bg2 Nf6 5. d3 0-0 6. h3 a6 7. Nge2 d6 8. 0-0 Bd7 9. Kh2 Ne8 10. f4 f5 11. exf5 Rxf5 12. Ne4 exf4 13. Nxc5 dxc5 14. Bxf4 Nd6 15. g4 Rf8 16. Qd2 Qf6 17. Nc3 Rae8 18. Nd5 Qd8 19. Bg5 Qb8 20. Rxf8+ Rxf8 21. Ne7+ Nxe7 22. Bxe7 Re8 23. Re1 c6 24. Qf4 Nf7 25. Qxb8 Rxb8 26. Bxc5 Re8 27. Rxe8+ Bxe8 28. Kg3 g5 29. Be4 Bd7 30. Be7 Be6 31. b3 h6 32. d4 Nh8 33. Bf6 Nf7 34. Be7 Nh8 35. Bf6 Nf7 36. c4 Nd6 37. Bf3 Kf7 38. Be5 Nc8 39. Kf2 Ne7 40. Ke3 Ng6 41. Bg3 Ne7 42. Kd3 Kf6 43. a4 Kf7 44. Kc3 h5 45. a5 h4 46. Bh2 Ke8 47. Kb4 Kf7 48. Kc5 Nc8 49. d5 cxd5 50. cxd5 1-0

[Event "Monarch Assurance 10th"]
[Site "Port Erin"]
[Date "2001.09.30"]
[Round "2"]
[White "Cherniaev, Alexander"]
[Black "Valenti, Richard"]
[Result "1-0"]
[WhiteElo "2437"]
[BlackElo "2143"]
[PlyCount "47"]
[EventDate "2001.09.29"]
[EventType "swiss"]
[EventRounds "9"]
[EventCountry "IOM"]
[SourceTitle "CBM 084 Extra"]
[Source "ChessBase"]
[SourceDate "2001.10.26"]
[SourceVersion "1"]
[SourceVersionDate "2001.10.26"]
[SourceQuality "1"]

1. e4 g6 2. d4 Bg7 3. c3 d5 4. exd5 Qxd5 5. Be2 Bf5 6. Nd2 c5 7. Bf3 Qd7 8. dxc5 Nf6 9. Ne2 0-0 10. 0-0 Rd8 11. Nd4 e5 12. Nxf5 gxf5 13. Nc4 Qc7 14. Nd6 Nc6 15. Bg5 Rd7 16. Bxc6 Qxc6 17. Bxf6 Bxf6 18. Qh5 Qxc5 19. Nxf5 Rad8 20. Rae1 Qc4 21. Re3 Rd3 22. b3 Qe6 23. c4 Kh8 24. Nh6 1-0

[Event "Australian Masters"]
[Site "Melbourne"]
[Date "2001.07.10"]
[Round "4"]
[White "Hacche, David"]
[Black "Valenti, Richard"]
[Result "1/2-1/2"]
[WhiteElo "2218"]
[BlackElo "2143"]
[PlyCount "50"]
[EventDate "2001.07.07"]
[EventType "tourn"]
[EventRounds "8"]
[EventCountry "AUS"]
[EventCategory "1"]
[SourceTitle "CBM 083 Extra"]
[Source "ChessBase"]
[SourceDate "2001.09.11"]
[SourceVersion "1"]
[SourceVersionDate "2001.09.11"]
[SourceQuality "1"]

1. Nf3 g6 2. d4 Nf6 3. Nc3 Bg7 4. e4 d6 5. Be2 0-0 6. 0-0 Bg4 7. Be3 Nc6 8. h3 Bxf3 9. Bxf3 e5 10. d5 Ne7 11. Qd2 Nd7 12. g3 f5 13. Bg2 Nf6 14. Bg5 Qd7 15. Rae1 Rae8 16. Kh2 Rf7 17. f4 exf4 18. Bxf4 fxe4 19. Nxe4 Nxe4 20. Rxe4 Ref8 21. Rfe1 Nf5 22. c3 h6 23. g4 Nh4 24. R1e2 g5 25. Bg3 Ng6 1/2-1/2

[Event "Monarch Assurance 09th"]
[Site "Port Erin"]
[Date "2000.10.16"]
[Round "3"]
[White "Valenti, Richard"]
[Black "Goodger, Martyn"]
[Result "1/2-1/2"]
[WhiteElo "2157"]
[BlackElo "2148"]
[PlyCount "38"]
[EventDate "2000.10.14"]
[EventType "swiss"]
[EventRounds "9"]
[EventCountry "IOM"]
[SourceTitle "CBM 078 Extra"]
[Source "ChessBase"]
[SourceDate "2000.11.10"]
[SourceVersion "1"]
[SourceVersionDate "2000.11.10"]
[SourceQuality "1"]

1. d3 e5 2. e4 Nc6 3. Nf3 Nf6 4. Be2 Be7 5. 0-0 0-0 6. c3 d5 7. Nbd2 Re8 8. Qc2 Bg4 9. h3 Bh5 10. Re1 Qd7 11. b4 a6 12. a3 Rad8 13. Bb2 Bf8 14. Bf1 dxe4 15. dxe4 Qe7 16. a4 Nd7 17. b5 Ncb8 18. c4 f6 19. Ba3 Nc5 1/2-1/2

[Event "Doeberl Cup 38th"]
[Site "Canberra"]
[Date "2000.04.22"]
[Round "4"]
[White "Valenti, Richard"]
[Black "Stead, Kerry"]
[Result "1-0"]
[WhiteElo "2161"]
[BlackElo "2042"]
[PlyCount "53"]
[EventDate "2000.04.01"]
[EventType "swiss"]
[EventRounds "7"]
[EventCountry "AUS"]
[SourceTitle "EXT 2001"]
[Source "ChessBase"]
[SourceDate "2000.11.22"]
[SourceVersion "1"]
[SourceVersionDate "2000.11.22"]
[SourceQuality "1"]

1. b3 d5 2. Bb2 Nd7 3. Nf3 Ngf6 4. g3 b6 5. Bg2 Bb7 6. 0-0 e6 7. d3 c5 8. Nbd2 Qc7 9. Re1 0-0-0 10. e4 dxe4 11. dxe4 Rg8 12. e5 Nd5 13. h4 h6 14. h5 Be7 15. a3 Qb8 16. c4 Nc7 17. Qc2 Nf8 18. Rad1 g6 19. Ne4 Ne8 20. Rxd8+ Bxd8 21. b4 Nd7 22. Rd1 gxh5 23. Qa4 Qc7 24. Nd6+ Nxd6 25. exd6 Qb8 26. Ne5 Nf8 27. d7+ 1-0

[Event "Doeberl Cup 38th"]
[Site "Canberra"]
[Date "2000.03.24"]
[Round "7"]
[White "Valenti, Richard"]
[Black "Xie, George Wendi"]
[Result "0-1"]
[WhiteElo "2161"]
[BlackElo "1979"]
[PlyCount "114"]
[EventDate "2000.04.01"]
[EventType "swiss"]
[EventRounds "7"]
[EventCountry "AUS"]
[SourceTitle "EXT 2001"]
[Source "ChessBase"]
[SourceDate "2000.11.22"]
[SourceVersion "1"]
[SourceVersionDate "2000.11.22"]
[SourceQuality "1"]

1. Nf3 c5 2. g3 Nc6 3. Bg2 e5 4. 0-0 e4 5. Ne1 Nf6 6. c4 d6 7. Nc3 Bf5 8. d3 exd3 9. Nxd3 Be7 10. b3 0-0 11. Bb2 Rb8 12. Qd2 a6 13. Rad1 Ne5 14. Nxe5 dxe5 15. Qg5 Qc8 16. e4 Bh3 17. Qxe5 Bxg2 18. Kxg2 Re8 19. Nd5 Bd8 20. Qc3 Rxe4 21. Rde1 Re6 22. Nf4 Qc6+ 23. f3 Rxe1 24. Rxe1 b5 25. Nd5 bxc4 26. bxc4 h6 27. Qe5 Rb7 28. g4 Qa4 29. g5 hxg5 30. Nxf6+ Bxf6 31. Qe8+ Qxe8 32. Rxe8+ Kh7 33. Bxf6 gxf6 34. Rc8 Rb2+ 35. Kg3 Rxa2 36. Rxc5 Kg6 37. Rc6 a5 38. Ra6 Rc2 39. Rxa5 Rxc4 40. Ra6 Rf4 41. Rb6 Rf5 42. Rb8 Re5 43. Rg8+ Kf5 44. Rf8 Re7 45. Ra8 Re1 46. Ra5+ Kg6 47. Ra6 Re6 48. Rxe6 fxe6 49. h4 gxh4+ 50. Kxh4 Kf5 51. Kg3 e5 52. Kf2 Kf4 53. Ke2 e4 54. fxe4 Kxe4 55. Kf2 Kf4 56. Kg2 Ke3 57. Kf1 f5 0-1

[Event "Budapest Spring op 15th"]
[Site "Budapest"]
[Date "1999.03.20"]
[Round "4"]
[White "Semenova, Irina"]
[Black "Valenti, Richard"]
[Result "1-0"]
[WhiteElo "2268"]
[BlackElo "2157"]
[PlyCount "103"]
[EventDate "1999.03.??"]
[EventType "swiss"]
[EventRounds "9"]
[EventCountry "HUN"]
[SourceTitle "EXT 2000"]
[Source "ChessBase"]
[SourceDate "1999.11.16"]
[SourceVersion "1"]
[SourceVersionDate "1999.11.16"]
[SourceQuality "1"]

1. e4 d6 2. d4 g6 3. Nc3 c6 4. Nf3 Bg7 5. h3 Nf6 6. Bd3 0-0 7. 0-0 Nbd7 8. Re1 e5 9. Bg5 exd4 10. Nxd4 Qb6 11. Nb3 Ne5 12. Bf1 Rd8 13. Be3 Qc7 14. f4 Ned7 15. Qf3 Nb6 16. Rad1 Be6 17. g4 d5 18. e5 Ne4 19. Nxe4 dxe4 20. Qxe4 Bd5 21. Qb4 g5 22. c4 Bf3 23. Rxd8+ Rxd8 24. Kf2 Bd1 25. Nd2 gxf4 26. Bxf4 Bc2 27. Qc3 Bg6 28. Nf3 h5 29. Nh4 hxg4 30. hxg4 Qd7 31. Kg3 Bh7 32. b3 Nc8 33. Be2 Nd6 34. Bf3 Qe6 35. Qe3 Nc8 36. Be4 Bxe4 37. Qxe4 Ne7 38. Nf5 Ng6 39. Nxg7 Kxg7 40. Bg5 Rd7 41. Bf6+ Kg8 42. Qe3 Kf8 43. Rh1 Ke8 44. Qxa7 Rd3+ 45. Kf2 Rd2+ 46. Ke1 Re2+ 47. Kxe2 Qxg4+ 48. Kd2 Qg2+ 49. Kc3 Qf3+ 50. Kb4 Qxh1 51. Qb8+ Kd7 52. Qd8+ 1-0

[Event "Budapest Spring op 15th"]
[Site "Budapest"]
[Date "1999.03.19"]
[Round "3"]
[White "Valenti, Richard"]
[Black "Lengyel, Bela"]
[Result "1/2-1/2"]
[WhiteElo "2157"]
[BlackElo "2350"]
[PlyCount "53"]
[EventDate "1999.03.??"]
[EventType "swiss"]
[EventRounds "9"]
[EventCountry "HUN"]
[SourceTitle "EXT 2000"]
[Source "ChessBase"]
[SourceDate "1999.11.16"]
[SourceVersion "1"]
[SourceVersionDate "1999.11.16"]
[SourceQuality "1"]

1. d4 d5 2. Nf3 Nf6 3. e3 Bf5 4. c4 e6 5. Qb3 Qc8 6. Nc3 c6 7. Bd2 Be7 8. Rc1 Nbd7 9. Nh4 Bg6 10. Nxg6 hxg6 11. Bd3 Qb8 12. h3 g5 13. cxd5 exd5 14. Kd1 a5 15. Kc2 b5 16. Kb1 a4 17. Qd1 Nb6 18. Ne2 Nc4 19. Ng3 g6 20. e4 Nh5 21. Nxh5 Rxh5 22. exd5 cxd5 23. Re1 Nxd2+ 24. Qxd2 Kf8 25. Rxe7 Kxe7 26. Be2 Qf4 27. Qb4+ 1/2-1/2